书目信息 |
| 题名: |
康定斯基
|
|
| 作者: | 李惟妙 著 | |
| 分册: | ||
| 出版信息: | 北京 中国人民大学出版社 2004 |
|
| 页数: | 143页 | |
| 开本: | 23cm | |
| 丛书名: | 朗朗书房. 艺术世界ABC | |
| 单 册: | ||
| 中图分类: | J205.512 | |
| 科图分类: | ||
| 主题词: | ||
| 电子资源: | ||
| ISBN: | 7-300-05737-3 | |
| 000 | 01015nam0 2200301 450 | |
| 000 | 01031nam0 2200301 450 | |
| 000 | 00960nam0 2200277 450 | |
| 000 | 00924nam0 2200265 45 | |
| 005 | 20070610091928.98 | |
| 010 | @a7-300-05737-3@dCNY19.80 | |
| 100 | @a20070608d2004 em y0chiy0120 ea | |
| 101 | 0 | @achi |
| 102 | @aCN@b110000 | |
| 105 | @aa z 000yd | |
| 200 | 1 | @a康定斯基@AKang Ding Si Ji@f李惟妙著@FLi Wei Miao Zhu |
| 210 | @a北京@c中国人民大学出版社@d2004 | |
| 215 | @a143页@c图@d23cm | |
| 225 | 2 | @a朗朗书房. 艺术世界ABC |
| 300 | @a本书介绍了现代抽象艺术理论与实践的奠基人康定斯基在写实风景、野兽时期、戏剧性时期等不同时期艺术历程。 | |
| 308 | @a艺术世界ABC第一辑 | |
| 410 | 0 | @12001 @a朗朗书房. 艺术世界ABC |
| 510 | 1 | @aKandinsky@zeng |
| 600 | 0 | @a康定斯基@g(Kandinsky, Wessily@f1866~1944) |
| 600 | 0 | @a康定斯基@g(Kandinsky, Wessily@f1866~1944)@x评传 |
| 690 | @aJ205.512@v4 | |
| 701 | 0 | @a李惟妙@ALi Wei Miao@4著 |
| 801 | 0 | @aCN@bTAOJIN@c20070610 |
| 905 | @a10447@dJ205.512@e481 | |
| 康定斯基/李惟妙著.-北京:中国人民大学出版社,2004 |
| 143页:图;23cm.-(朗朗书房. 艺术世界ABC) |
| 本书介绍了现代抽象艺术理论与实践的奠基人康定斯基在写实风景、野兽时期、戏剧性时期等不同时期艺术历程。 |
| ISBN 7-300-05737-3:CNY19.80 |
| ● |
| 相关链接 |
|
|
|
|
正题名:康定斯基
索取号:J205.512/481
 
预约/预借
| 序号 | 登录号 | 条形码 | 馆藏地/架位号 | 状态 | 备注 |
| 1 | 0527411 | 205274111 | 第一样本阅览室/ [索取号:J205.512/481] | 在馆 | |
| 2 | 0527412 | 205274120 | 第一借阅区/ [索取号:J205.512/481] | 在馆 | |
| 3 | 0527413 | 205274139 | 第一借阅区/ [索取号:J205.512/481] | 在馆 | |
| 4 | 0527414 | 205274148 | 第一借阅区/ [索取号:J205.512/481] | 在馆 | |
| 5 | 0527415 | 205274157 | 第一借阅区/ [索取号:J205.512/481] | 在馆 | |
| 6 | 0527416 | 205274166 | 第一借阅区/ [索取号:J205.512/481] | 在馆 | |
| 7 | 0527417 | 205274175 | 第一借阅区/ [索取号:J205.512/481] | 在馆 | |
| 8 | 0527418 | 205274184 | 第一借阅区/ [索取号:J205.512/481] | 在馆 |